| 000 | 01098nam#a22003495a#4500 | ||
|---|---|---|---|
| 001 | 1261 | ||
| 008 | 100608s2003####ag#####f######001#0#spa#d | ||
| 245 | 1 | 0 |
_aEmpresa familiar agropecuaria / _cMaría Marta Ducós y Elisa Ulloa de Porrúa ; con prólogo de Fernando O. Ulloa. |
| 250 | _a1ª ed. | ||
| 260 |
_aBuenos Aires : _bUniversidad Nacional de Buenos Aires, _c2003. |
||
| 300 |
_a271 p. ; _c23 cm. |
||
| 020 | _a9502312856 | ||
| 100 | 1 | _aDucós, María Marta. | |
| 700 | 1 | _aUlloa de Porrúa, Elisa. | |
| 700 | 1 |
_aUlloa, Fernando O., _eprologuista. |
|
| 080 | _a338.1 | ||
| 084 | _aD86 | ||
| 653 | _aEmpresas familiares agropecuarias | ||
| 653 | _aSociedades de hecho | ||
| 653 | _aSociedades de responsabilidad limitada | ||
| 653 | _aSociedades anónimas | ||
| 653 | _aProyectos familiares | ||
| 653 | _aProyectos empresariales | ||
| 653 | _aInversiones familiares | ||
| 653 | _aRecursos humanos | ||
| 653 | _aSistemas de retribución | ||
| 653 | _aDinámica institucional | ||
| 040 |
_aAR-ClEAG _cAR-ClEAG |
||
| 005 | 20241107184703.0 | ||
| 003 | AR-ClEAG | ||
| 942 | _cBK | ||
| 999 |
_c1261 _d1261 |
||
| 980 |
_62 _aEvangelina Gallicchio _82 _gEvangelina Gallicchio |
||